000 00710nam a22002177a 4500
003 UA-OsUOA
001 106338
007 ta
008 20140513b un ||||| |||| 00| 0 ukr d
100 _aГолубова Г.В.
090 _a330(477)
_bГ62
942 _cSA
040 _aUA-OsUOA
_bukr
_cUA-OsUOA
_dUA-OsUOA
245 _aСтатистичний аналіз основних соціально-економічних показників розвитку України за 2007-2013 рр.
300 _aС.16-20
955 _a0
041 _aukr
080 _a330(477)
773 0 _w106337
_tСтатистика України
_dК.
_d2014
_g1
650 7 _a330 Економіка взагалі
_2UDC
999 _c392472
_d392472